Fundamentos constitucionales de la Unión Europea
Saved in:
| Main Authors: | , |
|---|---|
| 格式: | 圖書 |
| 語言: | 西班牙语 |
| 出版: |
Madrid
Biblioteca Nueva
2006
|
| 叢編: | Biblioteca Nueva Universidad. Derecho
|
| 主題: | |
| 標簽: |
添加標簽
沒有標簽, 成為第一個標記此記錄!
|
MARC
| LEADER | 00000nam a2200000 a 4500 | ||
|---|---|---|---|
| 001 | UCI8935 | ||
| 003 | CL-VaPUC | ||
| 008 | 081009e20060000SP |||||||||||||||||spa|d | ||
| 020 | |a 849742526X | ||
| 082 | 0 | 4 | |a 342.4 |b JIM |2 21 |
| 100 | 0 | |a Jimena Quesada, Luis |e author |9 532592 | |
| 700 | 0 | |a Alegre Martínez, Miguel Angel |e author |9 532593 | |
| 245 | 1 | 0 | |a Fundamentos constitucionales de la Unión Europea |
| 300 | |a 298 p | ||
| 942 | |c BK | ||
| 945 | |d 20081009 00:00:00 |a jtorresc | ||
| 260 | |a Madrid |b Biblioteca Nueva |c 2006 | ||
| 650 | 0 | |a Constitución política |9 336925 | |
| 650 | 0 | |a Estado |9 255503 | |
| 650 | 0 | |a Poder legislativo |9 258808 | |
| 650 | 7 | |a ORGANIZACION ECONOMICA |2 CL-VaPUC |9 378766 | |
| 650 | 7 | |a ORGANIZACION JUDICIAL |2 CL-VaPUC |9 383198 | |
| 651 | 7 | |a UNION EUROPEA |2 CL-VaPUC |9 532594 | |
| 583 | |a last modification |c 20081009 00:00:00 |k Rodrigo Vera | ||
| 490 | 0 | |a Biblioteca Nueva Universidad. Derecho | |
| 999 | |c 331669 |d 331667 | ||
| 952 | |0 0 |1 0 |4 0 |6 342_400000000000000_JIM_2006 |7 0 |8 A |9 418552 |a BIBDER |b BIBDER |d 2019-11-22 |i 4488148 |o 342.4 JIM 2006 |p 4488148 |r 2023-01-25 |w 2019-11-22 |y BK |k DER | ||